[Event "Helsingor Xtracon op"]
[Site "Helsingor"]
[Date "2016.07.29"]
[Round "8"]
[White "Amarapala, Anton"]
[Black "Cithu, Arjun Vijay"]
[Result "1-0"]
[WhiteElo "1487"]
[BlackElo "1330"]
[PlyCount "47"]
[EventDate "2016.07.23"]
[EventType "swiss"]
[EventRounds "10"]
[EventCountry "DEN"]
[SourceTitle "CBM 173 Extra"]
[Source "ChessBase"]
[SourceDate "2016.08.29"]
[SourceVersion "1"]
[SourceVersionDate "2016.08.29"]
[SourceQuality "1"]

1. d4 d5 2. e3 e6 3. Bd3 Nf6 4. f4 c5 5. c3 Nc6 6. Nf3 Be7 7. 0-0 0-0 8. Ne5 Nxe5 9. fxe5 Nd7 10. Qh5 g6 11. Qf3 Bg5 12. Bd2 Qb6 13. b3 Qc6 14. Na3 a6 15. Qg4 Bh6 16. Rf2 Bg7 17. Raf1 Nb6 18. Rf3 Bd7 19. Qh4 h6 20. e4 Kh7 21. Rxf7 Rxf7 22. Rxf7 Rf8 23. Qxh6+ Kg8 24. Qxg7# 1-0

[Event "Helsingor Xtracon op"]
[Site "Helsingor"]
[Date "2016.07.26"]
[Round "5"]
[White "Shehzad, Shazil Khan"]
[Black "Amarapala, Anton"]
[Result "1-0"]
[WhiteElo "1711"]
[BlackElo "1487"]
[PlyCount "127"]
[EventDate "2016.07.23"]
[EventType "swiss"]
[EventRounds "10"]
[EventCountry "DEN"]
[SourceTitle "CBM 173 Extra"]
[Source "ChessBase"]
[SourceDate "2016.08.29"]
[SourceVersion "1"]
[SourceVersionDate "2016.08.29"]
[SourceQuality "1"]

1. e4 c5 2. Nc3 Nc6 3. Bb5 e5 4. Bxc6 bxc6 5. Nf3 d6 6. 0-0 Bg4 7. d3 h6 8. h3 Bh5 9. Be3 Nf6 10. a3 d5 11. Bd2 Bd6 12. Re1 0-0 13. g4 dxe4 14. Nxe4 Nxe4 15. Rxe4 Bg6 16. Re1 Re8 17. Bc3 f6 18. Nh4 Bh7 19. Qf3 Qd7 20. b4 cxb4 21. axb4 Rab8 22. Rab1 a6 23. Ra1 Ra8 24. Ng2 e4 25. dxe4 Be5 26. Bxe5 Rxe5 27. Qd3 Qb7 28. Qc4+ Kh8 29. f4 Qb6+ 30. Kh2 Bg8 31. Qc3 Re7 32. Re2 Qb5 33. Re3 Rae8 34. Rae1 Bh7 35. e5 fxe5 36. Rxe5 Rxe5 37. Rxe5 Rxe5 38. fxe5 Bg8 39. Nf4 Qf1 40. Qd2 Qc4 41. Ng6+ Kh7 42. Qd3 Qxd3 43. Nf8+ Kh8 44. cxd3 Bd5 45. e6 Kg8 46. e7 Kf7 47. Nd7 Bf3 48. Ne5+ Kxe7 49. Nxf3 Kd6 50. Kg3 c5 51. bxc5+ Kxc5 52. Kf2 a5 53. Ke2 a4 54. Kd2 Kb4 55. Kc2 a3 56. Nd4 g6 57. Ne6 h5 58. g5 a2 59. Kb2 a1Q+ 60. Kxa1 Kc3 61. Nf4 Kd4 62. Nxg6 Kxd3 63. Nf4+ Ke4 64. g6 1-0

[Event "Paleochora op 7th"]
[Site "Paleochora"]
[Date "2014.07.21"]
[Round "1"]
[White "Farahat, Ali"]
[Black "Amarapala, Anton"]
[Result "1-0"]
[WhiteElo "2374"]
[BlackElo "1479"]
[PlyCount "119"]
[EventDate "2014.07.21"]
[EventType "swiss"]
[EventRounds "9"]
[EventCountry "GRE"]
[SourceTitle "CBM 161 Extra"]
[Source "ChessBase"]
[SourceDate "2014.08.29"]
[SourceVersion "1"]
[SourceVersionDate "2014.08.29"]
[SourceQuality "1"]

1. e4 e5 2. Nf3 d6 3. d4 Nd7 4. Bc4 h6 5. 0-0 Ngf6 6. Nc3 Be7 7. Re1 0-0 8. h3 b6 9. dxe5 Nxe5 10. Nxe5 dxe5 11. Qf3 Bc5 12. Qg3 Nh5 13. Qf3 Nf6 14. Nd5 Nh7 15. Qg3 Ng5 16. h4 Ne6 17. Bxh6 c6 18. Ne3 Qf6 19. Nf5 Qg6 20. Be3 Qxg3 21. Nxg3 Bxe3 22. Rxe3 Nf4 23. Rd1 Kh7 24. Rd6 c5 25. Ne2 Nxe2+ 26. Rxe2 f6 27. f3 Kh6 28. g4 Kg6 29. Kf2 Bb7 30. Red2 Rae8 31. Ke3 Bc8 32. a3 Rh8 33. h5+ Kg5 34. Bb5 Ref8 35. Bd7 Ba6 36. Bf5 Rfg8 37. Rd7 Bc8 38. Rxa7 Bxf5 39. exf5 Rh7 40. Rdd7 Kh6 41. Rab7 Rc8 42. Rxb6 c4 43. Rbb7 c3 44. b3 Rc6 45. a4 Rc5 46. Rbc7 Rxc7 47. Rxc7 Rh8 48. Rxc3 Rd8 49. a5 Rd1 50. a6 Ra1 51. Rc6 Ra2 52. b4 Ra3+ 53. c3 Kg5 54. b5 Ra4 55. Rc7 Ra5 56. a7 Kh6 57. b6 Ra6 58. Rb7 Kg5 59. c4 Ra4 60. Rxg7+ 1-0